|
|
|
|
| LEADER |
01572nam a2200397Ia 4500 |
| 001 |
EBC439419 |
| 003 |
MiAaPQ |
| 005 |
20200520144314.0 |
| 006 |
m o d | |
| 007 |
cr cn||||||||| |
| 008 |
091019s2009 cau sb 000 0 eng d |
| 020 |
|
|
|z 9781607800040
|
| 020 |
|
|
|z 9781607800767
|
| 035 |
|
|
|a (MiAaPQ)EBC439419
|
| 035 |
|
|
|a (Au-PeEL)EBL439419
|
| 035 |
|
|
|a (CaPaEBR)ebr10305891
|
| 035 |
|
|
|a (OCoLC)609840408
|
| 040 |
|
|
|a MiAaPQ
|c MiAaPQ
|d MiAaPQ
|
| 050 |
|
4 |
|a HF1359
|b .C87 2009
|
| 100 |
1 |
|
|a Curry, Jeffrey E.,
|d 1953-
|
| 245 |
1 |
2 |
|a A short course in international economics
|h [electronic resource] :
|b understanding the dynamics of the international marketplace /
|c Jeffrey Edmund Curry.
|
| 246 |
3 |
0 |
|a International economics
|
| 246 |
3 |
0 |
|a Understanding the dynamics of the international marketplace
|
| 250 |
|
|
|a 3rd ed.
|
| 260 |
|
|
|a Petaluma, CA :
|b World Trade Press,
|c c2009.
|
| 300 |
|
|
|a viii, 184 [i.e. 183] p.
|
| 490 |
1 |
|
|a The short course in international trade series
|
| 504 |
|
|
|a Includes bibliographical references (p. 182).
|
| 504 |
|
|
|a Includes web resources.
|
| 533 |
|
|
|a Electronic reproduction. Ann Arbor, MI : ProQuest, 2015. Available via World Wide Web. Access may be limited to ProQuest affiliated libraries.
|
| 650 |
|
0 |
|a International economic relations.
|
| 650 |
|
0 |
|a International trade.
|
| 655 |
|
4 |
|a Electronic books.
|
| 710 |
2 |
|
|a ProQuest (Firm)
|
| 830 |
|
0 |
|a Short course in international trade series.
|
| 856 |
4 |
0 |
|u https://ebookcentral.proquest.com/lib/matrademy/detail.action?docID=439419
|z Click to View
|